Online Catalogue and eLibrary

Sri Lanka : (Record no. 1265)

MARC details
000 -LEADER
fixed length control field 00232nam a2200097Ia 4500
008 - FIXED-LENGTH DATA ELEMENTS--GENERAL INFORMATION
fixed length control field 240331s9999 xx 000 0 und d
082 ## - DDC Classification
Class No. 303.6
Item Number - Author Mark SRI
100 ## - MAIN ENTRY--PERSONAL NAME
Personal name Harris, E. ed
245 #0 - TITLE STATEMENT
Title Sri Lanka :
Remainder of title making peace possible
942 ## - Koha item type (Biblio)
Koha item type Books in Stacks (Lending)
Holdings
Lost status Damaged status Collection code Home library Current library Shelving location Date acquired Full call number Accession Number Item type
    Lending WERC Library WERC Library Social Science Cupboard 03/31/2024 303.6 SRI 2990 Books in Stacks (Lending)

© WERC Library